00561nam a22002057a 4500003000500000005001700005008004100022010000900063011000900072035000900081040000900090082001400099100002700113245010300140260004000243300001100283500001000294650001800304650003300322CHAP20220329133513.0971013s1991 r 00010 d a7126 a8098 a7323 cCHAP a595.2bP500aPittaway, A. R.ecomp. aArthropods of medical and veterinary importanceb: a checklist of preferred names and allied terms aOxon :bC.A.B. International,c1991 a178 p. a64-9314aArtrópodos.14aEntomología sistemática.